000 01008nam a22002537a 4500
001 81028
003 BD-RjUL
005 20221229110751.0
008 221229s1997 bg a|||| m||| 00| 0 eng d
035 _a(BD-RjUL)81028
040 _aBD-RjUL
_beng
_cBD-RjUL
_dBD-RjUL
041 _aeng
082 _223
_a657.3
_bISE 1997
100 _aIslam, Md. Kazi Saidul
_96466
245 1 0 _aAn Evaluation of financial reporting of the commercial Banks in Bangladesh /
_cMd. Kazi Saidul, Islam ;
_6Supervisor : M. A. Mondal, Supervisor : Md. Abaydur Rahman. Pramanik
260 _aRajshahi :
_bDepartment of Accounting, University of Rajshahi,
_c1997
300 _axii, 285 leaves :
_bill, ;
_c29.cm.
502 _aThesis (M. Phil.) -- Department of Accounting, University of Rajshahi, 1997
504 _aBibliography : Leaves 279 - 285
650 _aFinancial reports
_vAccounting
_96467
700 _aMondal, M. A. Supervisor
_96468
700 _aPramanik, Md. Abaydur Rahman. Supervisor
_96469
942 _2ddc
_cTHE
999 _c81028
_d81028